Curso para supervisores y directores de instituciones educativas 5 : el desarrollo curricular /
Guardado en:
| Formato: | Libro |
|---|---|
| Publicado: |
Buenos Aires :
Ministerio de Cultura y Educación,
1999
|
| Series: | Transformación educativa
|
| Materias: | |
| Etiquetas: |
Agregar Etiqueta
Sin Etiquetas, Sea el primero en etiquetar este registro!
|
| LEADER | 00985nam a22002175a 4500 | ||
|---|---|---|---|
| 001 | CEM.cems010486 | ||
| 005 | 20080514102652.0 | ||
| 008 | 130507s1999##################000#0#####d | ||
| 003 | CEMS | ||
| 020 | |a 9500001993 | ||
| 082 | 0 | 4 | |a 370.7 |
| 245 | 0 | 0 | |a Curso para supervisores y directores de instituciones educativas 5 : |b el desarrollo curricular / |
| 260 | |a Buenos Aires : |b Ministerio de Cultura y Educación, |c 1999 | ||
| 300 | |a 136 p. | ||
| 490 | 0 | |a Transformación educativa | |
| 505 | 0 | |a Las decisiones curriculares a nivel institucional -- Componentes de la Programación Curricular -- La Programación curricular y los materiales curriculares -- Proceso para la toma de decisiones curriculares a nivel de la institución educativa -- Orientaciones prácticas para la Programación Curricular | |
| 653 | |a Educación | ||
| 653 | |a Formación docente | ||
| 653 | |a Curriculum | ||
| 653 | |a Supervisión docente | ||
| 859 | |a CEMS |b BIB. CEMS - 11 de abril |h 370.7 |i Ar37-3 |p 20909.00 |t Ej.1 |v 5 |3 5 | ||
